Alle Alben - Kool Savas - Statistiken

Allgemein
  • Dieses Quiz wurde 31 mal gespielt
    3 seit der letzten Aktualisierung
  • Das Durchschnittsergebnis liegt bei 5 aus 25
Antwortstatistiken
Jahr Album % Korrekt
2021 Aghori
67%
2017 Royal Bunker
67%
2011 Aura
33%
2002 Der beste Tag meines Lebens
33%
2005 Die John Bello Story
33%
2016 Essahdamus
33%
2008 John Bello Story II
33%
2010 John Bello Story III
33%
2019 KKS
33%
2025 Lan Juks
33%
2014 Märtyrer
33%
2005 One
33%
2007 Tot oder lebendig
33%
2000 Battlekings
0%
2012 Gespaltene Persönlichkeit
0%
1997 Hoes, Flows, Moneytoes
0%
2004 Kool Savas goes Hollywood
0%
2023 Moai
0%
2009 New Russian Standard
0%
2001 NLP - Neuro-Linguistisches Programmieren
0%
2003 Nur noch 24 Stunden
0%
2015 Rap Genius
0%
2019 Rap Genius II
0%
2018 Wasch den Thron
0%
2006 Wer hatz erfunden?
0%
Keine übereinstimmenden Quizze gefunden
Verteilung der Resultate
Anzahl Personen mit jedem Resultat
Perzentil nach korrekt beantworteten Fragen
Ihre Resultats-Entwicklung
Sie haben dieses Quiz seit der letzten Aktualisierung nicht gespielt